Statystyki dla Państwa, które najwięcej eksportują

Kliknij tutaj aby rozwiązać quiz!

Ogólne statystyki

  • Ten quiz został rozwiązany 15 159 razy
    (6 629 od ostatniego zresetowania)
  • Średni wynik to 16 z 20

Statystyki odpowiedzi

$Kraj% Poprawnych
3698 mldChiny
99%
1754 mldStany Zjednoczone
99%
492 mldRosja
97%
1626 mldNiemcy
96%
569 mldFrancja
94%
757 mldJaponia
92%
392 mldHiszpania
91%
395 mldIndie
91%
504 mldKanada
91%
468 mldWielka Brytania
89%
611 mldWłochy
87%
495 mldMeksyk
85%
346 mldAustralia
81%
644 mldKorea Południowa
76%
692 mldHolandia
61%
548 mldBelgia
56%
380 mldSzwajcaria
50%
407 mldWietnam
50%
448 mldTajwan
46%
458 mldSingapur
33%

Rozkład punktacji

Percentyl według liczby udzielonych odpowiedzi

Procent ludzi z każdym wynikiem

Twoja historia wyników

Nie rozwiązałeś tego quizu od ostatniego zresetowania